Capitali sudamericane con mappa - Statistics

Statistiche generali
  • Questo quiz è stato fatto 205 volte
  • Il punteggio medio è 10 su 12
Risposte nella Mappa
Le risposte nella mappa del quiz sottostante sono codificate secondo una scala di colori dal rosso al verde in base alla % di persone che hanno risposto correttamente.
 
Statistiche sulle risposte
Capitale % Corretto
Brasilia
97%
Buenos Aires
94%
Lima
92%
Bogotá
88%
Santiago del Cile
88%
Caracas
86%
La Paz / Sucre
80%
Montevideo
80%
Quito
75%
Asunción
71%
Georgetown
53%
Paramaribo
48%
Nessun quiz corrispondente trovato
Distribuzione punteggi
Percentuale di utenti per punteggio
Percentile per numero di risposta
I tuoi punteggi nel tempo
Non hai fatto questo quiz